<?xml version="1.0" encoding="UTF-8"?>
<record
    xmlns:xsi="http://www.w3.org/2001/XMLSchema-instance"
    xsi:schemaLocation="http://www.loc.gov/MARC21/slim http://www.loc.gov/standards/marcxml/schema/MARC21slim.xsd"
    xmlns="http://www.loc.gov/MARC21/slim">

  <leader>00805nam2a22002051  4500</leader>
  <controlfield tag="001">RU\NLR\A1SV\145467</controlfield>
  <controlfield tag="005">20251214192803.0</controlfield>
  <datafield tag="035" ind1=" " ind2=" ">
    <subfield code="a">(NLR Aleph) 011240051</subfield>
  </datafield>
  <datafield tag="090" ind1=" " ind2=" ">
    <subfield code="a">13492578</subfield>
    <subfield code="c">13492578</subfield>
  </datafield>
  <datafield tag="100" ind1=" " ind2=" ">
    <subfield code="a">20160825d1925    u  y0rusy50      ca</subfield>
  </datafield>
  <datafield tag="101" ind1="0" ind2=" ">
    <subfield code="a">rus</subfield>
  </datafield>
  <datafield tag="200" ind1="1" ind2=" ">
    <subfield code="a">&#x41F;&#x43E;&#x43B;&#x443;&#x43D;&#x43E;&#x447;&#x43D;&#x430;&#x44F; &#x441;&#x432;&#x430;&#x434;&#x44C;&#x431;&#x430;</subfield>
    <subfield code="d">(Le mariage de minuit)</subfield>
    <subfield code="e">&#x420;&#x43E;&#x43C;&#x430;&#x43D;</subfield>
    <subfield code="f">&#x41F;&#x435;&#x440;. &#x438; &#x43F;&#x440;&#x435;&#x434;&#x438;&#x441;&#x43B;. &#x410;.&#x410;.&#x421;&#x43C;&#x438;&#x440;&#x43D;&#x43E;&#x432;&#x430;</subfield>
  </datafield>
  <datafield tag="210" ind1=" " ind2=" ">
    <subfield code="d">1925</subfield>
  </datafield>
  <datafield tag="215" ind1=" " ind2=" ">
    <subfield code="a">349 &#x441;., 1 &#x43B;. &#x444;&#x440;&#x43E;&#x43D;&#x442;.</subfield>
  </datafield>
  <datafield tag="461" ind1=" " ind2="1">
    <subfield code="1">001RU\NLR\A1SV\108510</subfield>
    <subfield code="1">2000#$v&#x422;.5</subfield>
    <subfield code="9">10131863</subfield>
    <subfield code="a">&#x420;&#x435;&#x43D;&#x44C;&#x435;, &#x410;. &#x434;&#x435; (1864-1936)</subfield>
    <subfield code="c">&#x41B;.</subfield>
    <subfield code="d">1923-1927</subfield>
    <subfield code="f">&#x410;&#x43D;&#x440;&#x438; &#x434;&#x435; &#x420;&#x435;&#x43D;&#x44C;&#x435;</subfield>
    <subfield code="n">Academia</subfield>
    <subfield code="o">&#x412; 17 [19!] &#x442;. : &#x41F;&#x435;&#x440;. &#x441; &#x444;&#x440;.</subfield>
    <subfield code="t">&#x421;&#x43E;&#x431;&#x440;&#x430;&#x43D;&#x438;&#x435; &#x441;&#x43E;&#x447;&#x438;&#x43D;&#x435;&#x43D;&#x438;&#x439; &#x410;&#x43D;&#x440;&#x438; &#x434;&#x435; &#x420;&#x435;&#x43D;&#x44C;&#x435;</subfield>
    <subfield code="v">&#x422;.5</subfield>
  </datafield>
  <datafield tag="801" ind1=" " ind2="0">
    <subfield code="a">RU</subfield>
    <subfield code="b">NLR</subfield>
    <subfield code="c">20160825</subfield>
  </datafield>
  <datafield tag="942" ind1=" " ind2=" ">
    <subfield code="c">BOOK</subfield>
  </datafield>
  <datafield tag="980" ind1=" " ind2=" ">
    <subfield code="a">A1SV</subfield>
  </datafield>
  <datafield tag="980" ind1=" " ind2=" ">
    <subfield code="a">NB</subfield>
  </datafield>
</record>
